<?xml version="1.0" encoding="UTF-8"?><marc:collection xmlns:marc="http://www.loc.gov/MARC21/slim">
  <marc:record>
    <marc:leader>03279nas a2200577 c 4500</marc:leader>
    <marc:controlfield tag="001">010054006</marc:controlfield>
    <marc:controlfield tag="003">DE-101</marc:controlfield>
    <marc:controlfield tag="005">20250311152949.0</marc:controlfield>
    <marc:controlfield tag="007">tu</marc:controlfield>
    <marc:controlfield tag="008">991118d19511984gw u||p|  ||| 0||||1ger c</marc:controlfield>
    <marc:datafield tag="016" ind1="7" ind2=" ">
      <marc:subfield code="2">DE-600</marc:subfield>
      <marc:subfield code="a">3604-3</marc:subfield>
    </marc:datafield>
    <marc:datafield tag="016" ind1="7" ind2=" ">
      <marc:subfield code="2">DE-101</marc:subfield>
      <marc:subfield code="a">010054006</marc:subfield>
    </marc:datafield>
    <marc:datafield tag="035" ind1=" " ind2=" ">
      <marc:subfield code="a">(DE-599)ZDB3604-3</marc:subfield>
    </marc:datafield>
    <marc:datafield tag="035" ind1=" " ind2=" ">
      <marc:subfield code="a">(OCoLC)183284520</marc:subfield>
    </marc:datafield>
    <marc:datafield tag="040" ind1=" " ind2=" ">
      <marc:subfield code="a">9001</marc:subfield>
      <marc:subfield code="b">ger</marc:subfield>
      <marc:subfield code="c">DE-101</marc:subfield>
      <marc:subfield code="d">0109</marc:subfield>
    </marc:datafield>
    <marc:datafield tag="041" ind1=" " ind2=" ">
      <marc:subfield code="a">ger</marc:subfield>
    </marc:datafield>
    <marc:datafield tag="042" ind1=" " ind2=" ">
      <marc:subfield code="a">zdb</marc:subfield>
    </marc:datafield>
    <marc:datafield tag="044" ind1=" " ind2=" ">
      <marc:subfield code="c">XA-DE</marc:subfield>
    </marc:datafield>
    <marc:datafield tag="082" ind1="7" ind2="4">
      <marc:subfield code="a">320</marc:subfield>
      <marc:subfield code="q">DE-600</marc:subfield>
      <marc:subfield code="2">22sdnb</marc:subfield>
    </marc:datafield>
    <marc:datafield tag="084" ind1=" " ind2=" ">
      <marc:subfield code="a">27</marc:subfield>
      <marc:subfield code="2">ssgn</marc:subfield>
    </marc:datafield>
    <marc:datafield tag="084" ind1=" " ind2=" ">
      <marc:subfield code="a">MG 18500</marc:subfield>
      <marc:subfield code="2">rvk</marc:subfield>
    </marc:datafield>
    <marc:datafield tag="090" ind1=" " ind2=" ">
      <marc:subfield code="n">pa</marc:subfield>
    </marc:datafield>
    <marc:datafield tag="110" ind1="1" ind2=" ">
      <marc:subfield code="0">(DE-588)2028458-5</marc:subfield>
      <marc:subfield code="0">https://d-nb.info/gnd/2028458-5</marc:subfield>
      <marc:subfield code="0">(DE-101)004851048</marc:subfield>
      <marc:subfield code="a">Berlin</marc:subfield>
      <marc:subfield code="g">West</marc:subfield>
      <marc:subfield code="b">Abgeordnetenhaus</marc:subfield>
      <marc:subfield code="e">Verfasser</marc:subfield>
      <marc:subfield code="4">aut</marc:subfield>
      <marc:subfield code="2">gnd</marc:subfield>
    </marc:datafield>
    <marc:datafield tag="245" ind1="1" ind2="0">
      <marc:subfield code="a">Mitteilungen des Präsidenten</marc:subfield>
      <marc:subfield code="c">Abgeordnetenhauses von Berlin</marc:subfield>
    </marc:datafield>
    <marc:datafield tag="247" ind1="0" ind2="0">
      <marc:subfield code="a">Mitteilungen ... des Präsidenten des Abgeordnetenhauses von Berlin</marc:subfield>
      <marc:subfield code="f">Hauptsacht. anfangs</marc:subfield>
    </marc:datafield>
    <marc:datafield tag="264" ind1="3" ind2="1">
      <marc:subfield code="a">Berlin</marc:subfield>
      <marc:subfield code="b">Abgeordnetenhauses von Berlin</marc:subfield>
      <marc:subfield code="c">1951-1984</marc:subfield>
    </marc:datafield>
    <marc:datafield tag="300" ind1=" " ind2=" ">
      <marc:subfield code="c">30 cm</marc:subfield>
    </marc:datafield>
    <marc:datafield tag="336" ind1=" " ind2=" ">
      <marc:subfield code="a">Text</marc:subfield>
      <marc:subfield code="b">txt</marc:subfield>
      <marc:subfield code="2">rdacontent</marc:subfield>
    </marc:datafield>
    <marc:datafield tag="337" ind1=" " ind2=" ">
      <marc:subfield code="a">ohne Hilfsmittel zu benutzen</marc:subfield>
      <marc:subfield code="b">n</marc:subfield>
      <marc:subfield code="2">rdamedia</marc:subfield>
    </marc:datafield>
    <marc:datafield tag="338" ind1=" " ind2=" ">
      <marc:subfield code="a">Band</marc:subfield>
      <marc:subfield code="b">nc</marc:subfield>
      <marc:subfield code="2">rdacarrier</marc:subfield>
    </marc:datafield>
    <marc:datafield tag="362" ind1="0" ind2=" ">
      <marc:subfield code="a">Wahlperiode 1.1951/54(1951/55) - 9.1984[?]</marc:subfield>
    </marc:datafield>
    <marc:datafield tag="363" ind1="0" ind2="0">
      <marc:subfield code="8">1.1\x</marc:subfield>
      <marc:subfield code="i">1951/54</marc:subfield>
    </marc:datafield>
    <marc:datafield tag="363" ind1="1" ind2="0">
      <marc:subfield code="8">1.2\x</marc:subfield>
      <marc:subfield code="a">9</marc:subfield>
      <marc:subfield code="i">1984</marc:subfield>
    </marc:datafield>
    <marc:datafield tag="591" ind1=" " ind2=" ">
      <marc:subfield code="a">F/C!</marc:subfield>
    </marc:datafield>
    <marc:datafield tag="610" ind1="1" ind2="7">
      <marc:subfield code="0">(DE-588)2028458-5</marc:subfield>
      <marc:subfield code="0">https://d-nb.info/gnd/2028458-5</marc:subfield>
      <marc:subfield code="0">(DE-101)004851048</marc:subfield>
      <marc:subfield code="a">Berlin</marc:subfield>
      <marc:subfield code="g">West</marc:subfield>
      <marc:subfield code="b">Abgeordnetenhaus</marc:subfield>
      <marc:subfield code="9">rswk-swf</marc:subfield>
      <marc:subfield code="2">gnd</marc:subfield>
    </marc:datafield>
    <marc:datafield tag="648" ind1=" " ind2="7">
      <marc:subfield code="a">Geschichte 1951-1971</marc:subfield>
      <marc:subfield code="9">rswk-swf</marc:subfield>
      <marc:subfield code="2">gnd</marc:subfield>
    </marc:datafield>
    <marc:datafield tag="655" ind1=" " ind2="7">
      <marc:subfield code="0">(DE-588)4067488-5</marc:subfield>
      <marc:subfield code="0">https://d-nb.info/gnd/4067488-5</marc:subfield>
      <marc:subfield code="0">(DE-101)040674886</marc:subfield>
      <marc:subfield code="a">Zeitschrift</marc:subfield>
      <marc:subfield code="2">gnd-content</marc:subfield>
    </marc:datafield>
    <marc:datafield tag="655" ind1=" " ind2="7">
      <marc:subfield code="0">(DE-588)4142300-8</marc:subfield>
      <marc:subfield code="0">https://d-nb.info/gnd/4142300-8</marc:subfield>
      <marc:subfield code="0">(DE-101)041423003</marc:subfield>
      <marc:subfield code="a">Amtliche Publikation</marc:subfield>
      <marc:subfield code="2">gnd-content</marc:subfield>
    </marc:datafield>
    <marc:datafield tag="655" ind1=" " ind2="7">
      <marc:subfield code="0">(DE-588)4135952-5</marc:subfield>
      <marc:subfield code="0">https://d-nb.info/gnd/4135952-5</marc:subfield>
      <marc:subfield code="0">(DE-101)041359526</marc:subfield>
      <marc:subfield code="a">Quelle</marc:subfield>
      <marc:subfield code="2">gnd-content</marc:subfield>
    </marc:datafield>
    <marc:datafield tag="689" ind1="0" ind2="0">
      <marc:subfield code="0">(DE-588)2028458-5</marc:subfield>
      <marc:subfield code="0">https://d-nb.info/gnd/2028458-5</marc:subfield>
      <marc:subfield code="0">(DE-101)004851048</marc:subfield>
      <marc:subfield code="D">b</marc:subfield>
      <marc:subfield code="a">Berlin</marc:subfield>
      <marc:subfield code="g">West</marc:subfield>
      <marc:subfield code="b">Abgeordnetenhaus</marc:subfield>
    </marc:datafield>
    <marc:datafield tag="689" ind1="0" ind2="1">
      <marc:subfield code="A">z</marc:subfield>
      <marc:subfield code="a">Geschichte 1951-1971</marc:subfield>
    </marc:datafield>
    <marc:datafield tag="689" ind1="0" ind2=" ">
      <marc:subfield code="5">DE-188</marc:subfield>
      <marc:subfield code="5">DE-602</marc:subfield>
    </marc:datafield>
    <marc:datafield tag="776" ind1="0" ind2="8">
      <marc:subfield code="i">Elektronische Reproduktion</marc:subfield>
      <marc:subfield code="a">Berlin &lt;West&gt; / Abgeordnetenhaus</marc:subfield>
      <marc:subfield code="t">Mitteilungen des Präsidenten</marc:subfield>
      <marc:subfield code="d">Berlin : Abgeordnetenhauses von Berlin, 1951-1984</marc:subfield>
      <marc:subfield code="w">(DE-600)3203367-9</marc:subfield>
      <marc:subfield code="w">(DE-101)1351492047</marc:subfield>
    </marc:datafield>
    <marc:datafield tag="780" ind1="0" ind2="0">
      <marc:subfield code="i">Vorg.:</marc:subfield>
      <marc:subfield code="a">Berlin &lt;West&gt; / Stadtverordnetenversammlung</marc:subfield>
      <marc:subfield code="t">Mitteilungen des Stadtverordnetenvorstehers von Groß-Berlin</marc:subfield>
      <marc:subfield code="d">Berlin : [Verlag nicht ermittelbar], 1949-1950</marc:subfield>
      <marc:subfield code="w">(DE-600)40542-5</marc:subfield>
      <marc:subfield code="w">(DE-101)010358358</marc:subfield>
    </marc:datafield>
    <marc:datafield tag="780" ind1="0" ind2="0">
      <marc:subfield code="i">Darin aufgeg.</marc:subfield>
      <marc:subfield code="a">Berlin &lt;West&gt; / Rechnungshof</marc:subfield>
      <marc:subfield code="t">Bemerkungen zur Haushaltsrechnung von Berlin für das Rechnungsjahr ...</marc:subfield>
      <marc:subfield code="d">Berlin : [Verlag nicht ermittelbar], 1954-1956</marc:subfield>
      <marc:subfield code="w">(DE-600)212454-3</marc:subfield>
      <marc:subfield code="w">(DE-101)011235896</marc:subfield>
    </marc:datafield>
    <marc:datafield tag="780" ind1="0" ind2="0">
      <marc:subfield code="i">Darin aufgeg.</marc:subfield>
      <marc:subfield code="t">Denkschrift zur Haushaltsrechnung von Berlin für das Rechnungsjahr ...</marc:subfield>
      <marc:subfield code="d">Berlin : [Verlag nicht ermittelbar], 1954-1956</marc:subfield>
      <marc:subfield code="w">(DE-600)6215-7</marc:subfield>
      <marc:subfield code="w">(DE-101)010083529</marc:subfield>
    </marc:datafield>
    <marc:datafield tag="785" ind1="0" ind2="0">
      <marc:subfield code="i">Aufgeg. in</marc:subfield>
      <marc:subfield code="a">Berlin &lt;West&gt; / Abgeordnetenhaus</marc:subfield>
      <marc:subfield code="t">Drucksache / Abgeordnetenhaus von Berlin</marc:subfield>
      <marc:subfield code="d">Berlin : Abgeordnetenhaus, 1951-1990</marc:subfield>
      <marc:subfield code="w">(DE-600)1784-X</marc:subfield>
      <marc:subfield code="w">(DE-101)010023224</marc:subfield>
    </marc:datafield>
    <marc:datafield tag="787" ind1="0" ind2="8">
      <marc:subfield code="i">Einzelne Bd. zugl. Bd. von</marc:subfield>
      <marc:subfield code="t">Stadterneuerung in Berlin</marc:subfield>
      <marc:subfield code="d">Berlin : Präs., 1964-2005</marc:subfield>
      <marc:subfield code="w">(DE-600)536404-8</marc:subfield>
      <marc:subfield code="w">(DE-101)01289480X</marc:subfield>
    </marc:datafield>
    <marc:datafield tag="787" ind1="0" ind2="8">
      <marc:subfield code="i">Einzelne Bd. zugl. Bd. von</marc:subfield>
      <marc:subfield code="a">Berlin &lt;West&gt; / Abgeordnetenhaus</marc:subfield>
      <marc:subfield code="t">Drucksache / Abgeordnetenhaus von Berlin</marc:subfield>
      <marc:subfield code="d">Berlin : Abgeordnetenhaus, 1951-1990</marc:subfield>
      <marc:subfield code="w">(DE-600)1784-X</marc:subfield>
      <marc:subfield code="w">(DE-101)010023224</marc:subfield>
    </marc:datafield>
    <marc:datafield tag="850" ind1=" " ind2=" ">
      <marc:subfield code="a">DE-101a</marc:subfield>
      <marc:subfield code="a">DE-101b</marc:subfield>
    </marc:datafield>
    <marc:datafield tag="925" ind1="r" ind2=" ">
      <marc:subfield code="a">rb</marc:subfield>
    </marc:datafield>
  </marc:record>
</marc:collection>
